| 000 | 00723nmc a2200277 a 4500 | ||
|---|---|---|---|
| 003 | AR-BaBNM | ||
| 005 | 20251128211535.0 | ||
| 008 | 164120s1991 ||||||||||||||000 | spa|| | ||
| 020 | _a0-521-39960-2 | ||
| 040 | _cAR-BaBNM | ||
| 245 | 1 | 0 | _aTake me like I am |
| 260 |
_aCambridge _bCambridge University Press _c1991 |
||
| 300 |
_a32 p. _bil. col. |
||
| 490 | 0 |
_aPoetry Box _vv. 3 |
|
| 650 | 4 | _aPOESIAS | |
| 650 | 4 | _aANTOLOGIAS | |
| 650 | 4 | _aLIBROS PARA NIÑOS | |
| 650 | 4 | _aLITERATURA INGLESA | |
| 653 | _aLITERATURA JUVENIL | ||
| 655 | _aLITERATURA | ||
| 700 | 1 |
_aCook, Helen _eselección |
|
| 700 | 1 |
_aStyles, Morag _eselección |
|
| 700 | 1 |
_aBennett, Carey _eilustrador |
|
| 942 | _cBK | ||
| 998 | _cEugenia | ||
| 999 |
_c20099 _d20099 |
||